000
00305nam a2200121Ia 4500
008
191201s2011 xx 000 0 und d
100
_a
YADAV, Atul
245
0
_a
Haryana: Atihasik Dhorhar
260
_a
N. Delhi
_b
Haryana Granth Academy
_c
2011
300
_a
183
650
_a
General Books
942
_2
ddc
_c
BK
999
_c
6721
_d
6721